e-learning v podnikovom vzdelávaní
Virtuálna univerzita ako alternatívny zdroj vzdelávania. Extrémny model celosvetovej virtuálnej univerzity realizovanej na internete.
Enregistré dans:
| Auteur principal: | |
|---|---|
| Format: | Chapitre de livre |
| Langue: | slovaque |
| Sujets: | |
| Tags: |
Pas de tags, Soyez le premier à ajouter un tag!
|
MARC
| LEADER | 00000naa$a2200000$$$4500 | ||
|---|---|---|---|
| 001 | 0034116 | ||
| 005 | 20231018132824.8 | ||
| 041 | 0 | |a slo | |
| 044 | |a SK | ||
| 245 | 1 | 0 | |a e-learning v podnikovom vzdelávaní |c Jozef Hvorecký |
| 520 | |a Virtuálna univerzita ako alternatívny zdroj vzdelávania. Extrémny model celosvetovej virtuálnej univerzity realizovanej na internete. | ||
| 610 | 2 | 0 | |a vzdelávanie elektronické |
| 610 | 2 | 0 | |a univerzity |
| 610 | 2 | 0 | |a realita virtuálna |
| 610 | 2 | 0 | |a modely |
| 610 | 2 | 0 | |a internet |
| 100 | 1 | |a Hvorecký, Jozef | |